[Event "18th Asian-ch"]
[Site "New Delhi IND"]
[Date "2022.10.30"]
[Round "5.33"]
[White "Sidhant, Mohapatra"]
[Black "Harshavardhan, G. B."]
[Result "0-1"]
[WhiteElo "2343"]
[BlackElo "2433"]
[EventDate "2022.10.26"]
[PlyCount "74"]

1.e4 c5 2.Nf3 d6 3.Bb5+ Nd7 4.Ba4 Nf6 5.Qe2 e6 6.O-O Qa5 7.Bb3 b5 8.d3 Bb7
9.a4 a6 10.Bf4 Be7 11.Nbd2 Qc7 12.h3 O-O 13.c3 h6 14.Rfe1 Rfe8 15.d4 e5 
16.dxe5 dxe5 17.Bh2 c4 18.Bc2 Bf8 19.b3 cxb3 20.Bxb3 Bc6 21.axb5 axb5 22.
Rxa8 Rxa8 23.Nd4 Qb7 24.Nxc6 Qxc6 25.Qf3 Ra3 26.Rb1 Bd6 27.Bg3 Nc5 28.Bd5 
Qd7 29.Nb3 Na4 30.c4 Nxd5 31.cxd5 Qc8 32.Qd1 Nc3 33.Qc2 Qc4 34.Rb2 Nxe4 
35.Nd2 Nxd2 36.Qxd2 Ra1+ 37.Kh2 Qf1 0-1

[Event "18th Asian-ch"]
[Site "New Delhi IND"]
[Date "2022.10.30"]
[Round "5.34"]
[White "Jain Kashish, Manoj"]
[Black "Sattarov, Bobir"]
[Result "1/2-1/2"]
[WhiteElo "2300"]
[BlackElo "2433"]
[EventDate "2022.10.26"]
[PlyCount "97"]

1.e4 c5 2.Nf3 g6 3.d4 cxd4 4.Qxd4 Nf6 5.Bb5 Qa5+ 6.Nc3 Nc6 7.Qa4 Qxa4 8.
Bxa4 Bg7 9.Nd5 Nxd5 10.exd5 Nb4 11.Bb3 d6 12.Bd2 Na6 13.O-O-O Bg4 14.Rhe1 
Bxf3 15.gxf3 Rc8 16.Ba4+ Kf8 17.c3 Nc5 18.Bc2 Rc7 19.Rg1 Nd7 20.Be3 a6 21.
f4 f5 22.Rd3 Kf7 23.Bd1 b5 24.Kb1 Rb8 25.a3 a5 26.h4 h5 27.Bd2 Bf6 28.Rdg3
Nf8 29.Rh1 Rcc8 30.Be3 Nd7 31.Be2 Bh8 32.Rhg1 Rg8 33.Ba7 Rb7 34.Be3 Nf6 
35.Bd4 Rbb8 36.Ba7 Ra8 37.Bd4 b4 38.axb4 axb4 39.cxb4 Rab8 40.b5 Ne4 41.
Ba7 Nxg3 42.fxg3 Rb7 43.Bf2 Rgb8 44.Rd1 Rxb5 45.Bxb5 Rxb5 46.Rd2 e6 47.
dxe6+ Kxe6 48.Ka2 d5 49.Ka3 1/2-1/2

[Event "18th Asian-ch"]
[Site "New Delhi IND"]
[Date "2022.10.30"]
[Round "5.35"]
[White "Avinash, Ramesh"]
[Black "Nitin, S."]
[Result "1/2-1/2"]
[WhiteElo "2338"]
[BlackElo "2407"]
[EventDate "2022.10.26"]
[PlyCount "42"]

1.e4 g6 2.d4 Bg7 3.Nc3 c6 4.Be3 d6 5.Qd2 b5 6.h4 Nf6 7.f3 h6 8.g4 Nbd7 9.
Nh3 Nb6 10.a3 Qc7 11.g5 hxg5 12.Nxg5 Bb7 13.Qg2 e6 14.Bd3 O-O-O 15.O-O-O 
Kb8 16.Kb1 Ka8 17.Ka1 Kb8 18.Kb1 Ka8 19.Ka1 Kb8 20.Kb1 Ka8 21.Ka1 Kb8 
1/2-1/2

[Event "18th Asian-ch"]
[Site "New Delhi IND"]
[Date "2022.10.30"]
[Round "5.36"]
[White "Aradhya, Garg"]
[Black "Hossain, Enamul"]
[Result "1-0"]
[WhiteElo "2284"]
[BlackElo "2390"]
[EventDate "2022.10.26"]
[PlyCount "61"]

1.d4 Nf6 2.Nf3 d5 3.g3 g6 4.Bg2 Bg7 5.O-O O-O 6.Nbd2 a5 7.c4 a4 8.Ne5 c6 
9.e4 dxe4 10.Nxe4 Nxe4 11.Bxe4 f6 12.Nxg6 f5 13.Nxf8 fxe4 14.Nxh7 Kxh7 15.
Qh5+ Kg8 16.Bh6 Nd7 17.f3 Bxh6 18.Qxh6 Nf6 19.Rad1 exf3 20.Qg6+ Kf8 21.
Rxf3 Qd7 22.Rf4 Qe6 23.Rdf1 Qe3+ 24.Kh1 Be6 25.Qh6+ Ke8 26.Qh8+ Ng8 27.
Qh5+ Kd8 28.Rf8+ Kd7 29.Rxa8 Bxc4 30.Qe8+ Kd6 31.Qd8+ 1-0

[Event "18th Asian-ch"]
[Site "New Delhi IND"]
[Date "2022.10.30"]
[Round "5.37"]
[White "Tologon, Tegin Semetei"]
[Black "Saravana, Krishnan P."]
[Result "0-1"]
[WhiteElo "2382"]
[BlackElo "2197"]
[EventDate "2022.10.26"]
[PlyCount "98"]

1.e4 c6 2.d4 d5 3.e5 Bf5 4.c4 e6 5.Nc3 Ne7 6.h3 Nd7 7.Nf3 h6 8.Be2 dxc4 9.
Bxc4 Nd5 10.O-O N7b6 11.Bb3 a5 12.Bc2 Bxc2 13.Qxc2 a4 14.Ne4 Be7 15.Ng3 
Nb4 16.Qe2 Qd5 17.a3 Na6 18.Bf4 Nc7 19.Rac1 Qb5 20.Qc2 Ncd5 21.Bd2 Qb3 22.
Qb1 Nc4 23.Rc2 Qd3 24.Qc1 Nxd2 25.Rxd2 Qg6 26.Re2 h5 27.h4 Rc8 28.Re4 b5 
29.Rfe1 c5 30.dxc5 Bxc5 31.Kh2 O-O 32.Qd2 Rfd8 33.Qe2 Nb6 34.Rc1 Nc4 35.
Rc2 Rd5 36.Rf4 Rcd8 37.Ne4 Bd4 38.Nc3 Rxe5 39.Rxd4 Rxd4 40.Nxe5 Rxh4+ 41.
Kg1 Nxe5 42.Rd2 f6 43.Nxb5 Re4 44.Rd8+ Kh7 45.Qd1 Re1+ 46.Qxe1 Nf3+ 47.Kf1
Nxe1 48.Kxe1 Qb1+ 49.Rd1 Qe4+ 0-1

[Event "18th Asian-ch"]
[Site "New Delhi IND"]
[Date "2022.10.30"]
[Round "5.38"]
[White "Laxman, Rajaram"]
[Black "Jaiswal, Rupesh"]
[Result "1/2-1/2"]
[WhiteElo "2378"]
[BlackElo "2135"]
[EventDate "2022.10.26"]
[PlyCount "96"]

1.d4 Nf6 2.Nf3 g6 3.c4 Bg7 4.Nc3 O-O 5.e4 d6 6.Be2 e5 7.O-O Nc6 8.d5 Ne7 
9.Bg5 h6 10.Bd2 Nd7 11.Qc1 Kh7 12.b4 f5 13.a4 Nf6 14.Bd3 fxe4 15.Nxe4 Bf5 
16.Qc2 Nxe4 17.Bxe4 Bxe4 18.Qxe4 Nf5 19.Be3 a5 20.b5 b6 21.Rae1 Qf6 22.Nd2
Rae8 23.Qd3 Ne7 24.Ne4 Qf5 25.f3 Ng8 26.g4 Qf7 27.Kg2 Nf6 28.Ng3 Qd7 29.
Bd2 Rf7 30.h4 Rfe7 31.Ne4 Nxe4 32.Qxe4 Rg8 33.h5 Bf8 34.Rh1 Qf5 35.hxg6+ 
Qxg6 36.Rh5 Qxe4 37.Rxe4 Kg6 38.Re1 Rh8 39.Rh3 Rf7 40.f4 exf4 41.Re6+ Kg5 
42.Kf3 h5 43.gxh5 Rxh5 44.Rg3+ Kf5 45.Bxf4 Re7 46.Reg6 Reh7 47.Rg8 Bh6 48.
Bxh6 R5xh6 1/2-1/2

[Event "18th Asian-ch"]
[Site "New Delhi IND"]
[Date "2022.10.30"]
[Round "5.39"]
[White "Muhammed, Shuaau"]
[Black "Shahil, Dey"]
[Result "0-1"]
[WhiteElo "2010"]
[BlackElo "2395"]
[EventDate "2022.10.26"]
[PlyCount "58"]

1.e4 c5 2.Nf3 e6 3.d4 cxd4 4.Nxd4 a6 5.c4 Nf6 6.Nc3 Qc7 7.a3 b6 8.Be3 Bb7 
9.f3 Be7 10.Be2 O-O 11.O-O d6 12.Rc1 Nbd7 13.b4 Rac8 14.Qd2 Rfe8 15.Kh1 
Qb8 16.Rc2 h5 17.Rb1 h4 18.Na4 h3 19.Bf1 Qa8 20.Nb3 hxg2+ 21.Bxg2 b5 22.
cxb5 axb5 23.Nc3 Ne5 24.Nxb5 Nxf3 25.Bxf3 Bxe4 26.Nc7 Bxf3+ 27.Kg1 Qe4 28.
Rbc1 Qg4+ 29.Kf1 Ne4 0-1

[Event "18th Asian-ch"]
[Site "New Delhi IND"]
[Date "2022.10.30"]
[Round "5.40"]
[White "Muradov, Soltan"]
[Black "Chakravarthi Reddy, M."]
[Result "0-1"]
[WhiteElo "2233"]
[BlackElo "2301"]
[EventDate "2022.10.26"]
[PlyCount "128"]

1.e4 e6 2.d4 d5 3.e5 c5 4.c3 Qb6 5.Nf3 Nc6 6.Be2 f6 7.exf6 Nxf6 8.O-O Bd6 
9.dxc5 Bxc5 10.b4 Bd6 11.Na3 Ne4 12.Bd3 Nxc3 13.Qc2 Qxb4 14.Bxh7 Ne2+ 15.
Qxe2 Rxh7 16.h3 a6 17.Rb1 Nd4 18.Nxd4 Qxd4 19.Re1 Kf8 20.Nc2 Qc4 21.Qd1 
Qxa2 22.Qd3 Kg8 23.Qg6 Qa4 24.Ne3 Rh6 25.Qd3 Rf6 26.Bb2 Rf7 27.Ng4 Rf5 28.
Bd4 Qd7 29.Rb6 Qc7 30.Qe3 Bf4 31.Qb3 a5 32.g3 Bd6 33.Ne3 Rf7 34.Nxd5 exd5 
35.Re8+ Rf8 36.Qxd5+ Qf7 37.Rxf8+ Bxf8 38.Qg5 Bxh3 39.Rf6 Qc4 40.Rxf8+ 
Kxf8 41.Qxg7+ Ke8 42.Kh2 Be6 43.Be3 Bf7 44.Qh8+ Bg8 45.Qg7 Qf7 46.Qe5+ Qe6
47.Qb5+ Qd7 48.Qh5+ Qf7 49.Qb5+ Kd8 50.Bb6+ Kc8 51.Qc5+ Kd7 52.Qb5+ Ke6 
53.Qc4+ Kf6 54.Qd4+ Kg6 55.Qg4+ Kh7 56.Qh4+ Kg7 57.Qd4+ Qf6 58.Qd7+ Kg6 
59.Qg4+ Qg5 60.Qd7 Bd5 61.Qd6+ Kf7 62.Qd7+ Kg8 63.Qh3 Bf7 64.g4 Be6 0-1

[Event "18th Asian-ch"]
[Site "New Delhi IND"]
[Date "2022.10.30"]
[Round "5.41"]
[White "Sharma Dinesh, K."]
[Black "Dang Vu Dung"]
[Result "1/2-1/2"]
[WhiteElo "2242"]
[BlackElo "2017"]
[EventDate "2022.10.26"]
[PlyCount "69"]

1.e4 e6 2.d4 d5 3.Nc3 Nf6 4.e5 Nfd7 5.f4 c5 6.Nf3 Nc6 7.Be3 a6 8.Qd2 Be7 
9.Bd3 cxd4 10.Nxd4 Nxd4 11.Bxd4 Bc5 12.Qf2 Bxd4 13.Qxd4 Qb6 14.Qxb6 Nxb6 
15.O-O-O Bd7 16.b3 g6 17.Kb2 h5 18.g3 Ke7 19.Ne2 Rad8 20.Nd4 Nc8 21.h4 Na7
22.Rhe1 Nc6 23.Nf3 Rc8 24.a3 Rc7 25.Rd2 Rhc8 26.Rg2 Na7 27.Nd4 Nc6 28.Nf3 
Na7 29.Rd1 Bb5 30.Nd4 Bxd3 31.Rxd3 Nc6 32.Nf3 Na7 33.Nd4 Nc6 34.Nf3 Na7 
35.Nd4 1/2-1/2

[Event "18th Asian-ch"]
[Site "New Delhi IND"]
[Date "2022.10.30"]
[Round "5.42"]
[White "Dushyant, Sharma"]
[Black "Prraneeth, Vuppala"]
[Result "0-1"]
[WhiteElo "2370"]
[BlackElo "2451"]
[EventDate "2022.10.26"]
[PlyCount "82"]

1.e4 c5 2.Nf3 d6 3.d4 cxd4 4.Nxd4 Nf6 5.Nc3 a6 6.Bg5 e6 7.f4 Be7 8.Qf3 Qc7
9.O-O-O Nbd7 10.g4 h6 11.Bxf6 Bxf6 12.h4 Nb6 13.g5 Bxd4 14.Rxd4 Qc5 15.Rd2
Bd7 16.Be2 Na4 17.Rd3 Rc8 18.Bd1 Nxc3 19.Rxc3 Qa5 20.Rxc8+ Bxc8 21.gxh6 
gxh6 22.e5 dxe5 23.Rf1 Rf8 24.fxe5 Qxe5 25.Qf2 Ke7 26.Qd2 Bd7 27.Re1 Qg3 
28.Re4 Bc6 29.Rd4 Bd5 30.Qxh6 Rg8 31.Qd2 Qe5 32.Qb4+ Qd6 33.Qd2 Rg1 34.Qe3
Qg3 35.Qd2 Qe1 36.Qh2 Qe3+ 37.Qd2 Rxd1+ 38.Kxd1 Bf3+ 39.Kc1 Qg1+ 40.Qd1 
Bxd1 41.Rxd1 Qh2 0-1

[Event "18th Asian-ch"]
[Site "New Delhi IND"]
[Date "2022.10.30"]
[Round "5.43"]
[White "Kakabaev, Mergen"]
[Black "Singh, Ojasva"]
[Result "1-0"]
[WhiteElo "2285"]
[BlackElo "2382"]
[EventDate "2022.10.26"]
[PlyCount "97"]

1.e4 c5 2.Nf3 d6 3.d4 cxd4 4.Nxd4 Nf6 5.Nc3 a6 6.Bg5 e6 7.f4 Be7 8.Qf3 Qc7
9.O-O-O Nbd7 10.g4 h6 11.Bxf6 Bxf6 12.h4 Nb6 13.g5 Bxd4 14.Rxd4 Qc5 15.Rd2
Bd7 16.a3 Na4 17.Nxa4 Bxa4 18.Bd3 O-O-O 19.Rg2 g6 20.h5 hxg5 21.Rxg5 Qb6 
22.hxg6 Rxh1+ 23.Qxh1 Qe3+ 24.Kb1 fxg6 25.Rxg6 Qxf4 26.Rxe6 Kb8 27.Re7 Bc6
28.Qg1 Rh8 29.Qd4 Rh1+ 30.Ka2 d5 31.Bxa6 Qg5 32.Rg7 Qd8 33.Bc4 Rh5 34.exd5
Bxd5 35.Bxd5 Qxd5+ 36.Qxd5 Rxd5 37.b4 Rh5 38.Kb3 Rh3+ 39.c3 Ka7 40.a4 Rf3 
41.a5 Ka6 42.Rg6+ Ka7 43.b5 Rf8 44.Rg7 Ka8 45.Kb4 Rf4+ 46.c4 Rf8 47.b6 Rh8
48.Kb5 Rf8 49.c5 1-0

[Event "18th Asian-ch"]
[Site "New Delhi IND"]
[Date "2022.10.30"]
[Round "5.44"]
[White "Schain, Randolph"]
[Black "Ratnakaran, K."]
[Result "0-1"]
[WhiteElo "2165"]
[BlackElo "2329"]
[EventDate "2022.10.26"]
[PlyCount "74"]

1.d4 Nf6 2.Nc3 c5 3.d5 d6 4.e4 a6 5.a4 e5 6.dxe6 fxe6 7.Nf3 Nc6 8.Bc4 Bd7 
9.O-O Qe7 10.Re1 O-O-O 11.a5 h6 12.Qe2 e5 13.Be3 Bg4 14.Nd5 Nxd5 15.Bxd5 
Nb4 16.Bb3 Qc7 17.c3 Nc6 18.Bd5 Ne7 19.Red1 Nxd5 20.Rxd5 Qc6 21.b4 Be6 22.
Rd2 Qxe4 23.bxc5 Bc4 24.Qd1 d5 25.Qa4 Be7 26.c6 Rd6 27.cxb7+ Kb8 28.Rb2 
Rg6 29.Qd7 d4 30.g3 Qxf3 31.Qxe7 Re6 32.Qxg7 Rhe8 33.cxd4 Bd5 34.Kf1 Qh1+ 
35.Ke2 Bf3+ 36.Kd2 Qxa1 37.Rc2 Qd1+ 0-1

[Event "18th Asian-ch"]
[Site "New Delhi IND"]
[Date "2022.10.31"]
[Round "6.1"]
[White "Harsha, Bharathakoti"]
[Black "Praggnanandhaa, Rameshbabu"]
[Result "1/2-1/2"]
[WhiteElo "2582"]
[BlackElo "2687"]
[EventDate "2022.10.26"]
[PlyCount "66"]

1.d4 Nf6 2.c4 e6 3.g3 d5 4.Bg2 Bb4+ 5.Nd2 O-O 6.Nf3 dxc4 7.Qc2 c5 8.dxc5 
Nc6 9.O-O e5 10.Ne4 Nxe4 11.Qxe4 Nd4 12.Nxe5 Bxc5 13.Be3 Bf5 14.Qxb7 Rb8 
15.Qd5 Nxe2+ 16.Kh1 Qxd5 17.Bxd5 Bxe3 18.fxe3 Rb5 19.Rxf5 Rxd5 20.Re1 
Nxg3+ 21.hxg3 Re8 22.Rc1 Rdxe5 23.Rxe5 Rxe5 24.Rxc4 f5 25.Rc3 Rd5 26.Rc8+ 
Kf7 27.Rc7+ Kf6 28.Rxa7 Rd1+ 29.Kg2 Rd2+ 30.Kf3 Rxb2 31.Ra6+ Ke5 32.Ra5+ 
Kf6 33.Ra6+ Ke5 1/2-1/2

[Event "18th Asian-ch"]
[Site "New Delhi IND"]
[Date "2022.10.31"]
[Round "6.2"]
[White "Mendonca, Leon Luke"]
[Black "Sethuraman, Panayapan"]
[Result "1/2-1/2"]
[WhiteElo "2558"]
[BlackElo "2645"]
[EventDate "2022.10.26"]
[PlyCount "106"]

1.d4 d5 2.c4 c6 3.Nf3 Nf6 4.e3 Bf5 5.Nc3 e6 6.Nh4 Be4 7.f3 Bg6 8.Bd2 Be7 
9.Nxg6 hxg6 10.Qc2 Nbd7 11.O-O-O a6 12.c5 b6 13.cxb6 Qxb6 14.Na4 Qb7 15.h4
c5 16.g4 Rc8 17.Bc3 cxd4 18.exd4 Bb4 19.Kb1 Bxc3 20.Nxc3 Rc6 21.Ka1 Ke7 
22.Bd3 Rb8 23.h5 g5 24.Qd2 Qb4 25.Ne2 a5 26.Qxb4+ axb4 27.Rc1 Rxc1+ 28.
Rxc1 Kd6 29.Kb1 Ng8 30.Kc2 Ne7 31.Rh1 Nc6 32.Kd2 b3 33.a3 Nb6 34.Kc1 e5 
35.h6 Rh8 36.dxe5+ Kxe5 37.h7 Kd6 38.Kd2 Na4 39.Bb5 Nxb2 40.Kc3 Nc4 41.
Bxc6 Kxc6 42.Nd4+ Kd6 43.Kxb3 Ke5 44.Kc3 Nxa3 45.Ra1 Nc4 46.Ra7 Nd6 47.
Re7+ Kf6 48.Rd7 Ke5 49.Rd8 Rxh7 50.Nc6+ Ke6 51.Nd4+ Ke5 52.Nc6+ Ke6 53.
Nd4+ Ke5 1/2-1/2

[Event "18th Asian-ch"]
[Site "New Delhi IND"]
[Date "2022.10.31"]
[Round "6.3"]
[White "Karthikeyan, Murali"]
[Black "Adhiban, Baskaran"]
[Result "1/2-1/2"]
[WhiteElo "2623"]
[BlackElo "2603"]
[EventDate "2022.10.26"]
[PlyCount "64"]

1.Nf3 c5 2.g3 Nc6 3.Bg2 g6 4.O-O Bg7 5.d3 d6 6.e4 e5 7.Nc3 Nge7 8.Nd2 O-O 
9.Nc4 Be6 10.Nd5 Bxd5 11.exd5 Nb4 12.Ne3 f5 13.c3 Na6 14.f4 exf4 15.Rxf4 
Qd7 16.a4 Kh8 17.Rf2 Nc7 18.Bd2 b6 19.Qb3 Rae8 20.Raf1 Ng8 21.Nc4 Bh6 22.
Qd1 Bxd2 23.Rxd2 Nf6 24.d4 cxd4 25.Rxd4 Ng4 26.Rdf4 Qe7 27.Qd4+ Kg8 28.Bh3
Ne5 29.Ne3 Nf7 30.Nc4 Ne5 31.Ne3 Nf7 32.Nc4 Ne5 1/2-1/2

[Event "18th Asian-ch"]
[Site "New Delhi IND"]
[Date "2022.10.31"]
[Round "6.4"]
[White "Vokhidov, Shamsiddin"]
[Black "Atabaev, Maksat"]
[Result "1/2-1/2"]
[WhiteElo "2568"]
[BlackElo "2475"]
[EventDate "2022.10.26"]
[PlyCount "183"]

1.e4 e6 2.d4 d5 3.e5 c5 4.c3 Qb6 5.Nf3 Bd7 6.Bd3 Bb5 7.dxc5 Bxc5 8.b4 Bxd3
9.Qxd3 Bf8 10.O-O Ne7 11.Na3 Nbc6 12.Be3 Qd8 13.Bc5 Nf5 14.Bxf8 Kxf8 15.b5
Na5 16.c4 Nxc4 17.Nxc4 dxc4 18.Qxc4 Ne7 19.Rac1 Nd5 20.Nd2 g6 21.Ne4 Kg7 
22.Nd6 a6 23.a4 axb5 24.axb5 Qe7 25.g3 Rhd8 26.Ra1 Qd7 27.Rfd1 Kg8 28.Rdc1
Kg7 29.h4 h5 30.Qd4 Rxa1 31.Rxa1 b6 32.Ra3 Qe7 33.Rf3 Rf8 34.Qa1 Kg8 35.
Qc1 Kg7 36.Qc6 Qa7 37.Qc1 Qa4 38.Ra3 Qb4 39.Kg2 Nc7 40.Qc3 Qxc3 41.Rxc3 
Nd5 42.Ra3 f6 43.Ra7+ Kg8 44.exf6 Rxf6 45.f4 e5 46.Ra8+ Kh7 47.Ne4 Rf5 48.
Rd8 Ne3+ 49.Kf3 exf4 50.gxf4 Nc4 51.Ng5+ Kg7 52.Rd4 Ne5+ 53.Kg3 Ng4 54.
Rd7+ Kg8 55.Rd8+ Kg7 56.Ne6+ Kf7 57.Nd4 Rc5 58.Rd7+ Ke8 59.Rd6 Rc3+ 60.Nf3
Ne3 61.Rxb6 Nf5+ 62.Kf2 Rc4 63.Rb8+ Ke7 64.b6 Nd6 65.Rg8 Rb4 66.Rxg6 Rxb6 
67.Ne5 Rb2+ 68.Kg1 Rb1+ 69.Kf2 Rb2+ 70.Kf3 Nf5 71.Rg5 Ke6 72.Rxh5 Rb3+ 73.
Kf2 Rb2+ 74.Ke1 Rb1+ 75.Kd2 Rf1 76.Nd3 Kf6 77.Rh8 Kg7 78.Rh5 Kf6 79.Rh7 
Kg6 80.Rd7 Nxh4 81.Rd6+ Kf5 82.Ke2 Rxf4 83.Nxf4 Kxf4 84.Rd4+ Kg5 85.Ra4 
Nf5 86.Kf3 Nd6 87.Rd4 Nf5 88.Rd5 Kf6 89.Kf4 Ne7 90.Rd6+ Kf7 91.Ra6 Ng6+ 
92.Rxg6 1/2-1/2

[Event "18th Asian-ch"]
[Site "New Delhi IND"]
[Date "2022.10.31"]
[Round "6.5"]
[White "Chanda, Sandipan"]
[Black "Narayanan, Sunilduth Lyna"]
[Result "0-1"]
[WhiteElo "2474"]
[BlackElo "2663"]
[EventDate "2022.10.26"]
[PlyCount "42"]

1.d4 Nf6 2.Nf3 c5 3.e3 d5 4.Nbd2 cxd4 5.exd4 Nc6 6.Bb5 Qb6 7.c4 g6 8.O-O 
Bg7 9.b3 O-O 10.Ba3 Re8 11.Re1 Bf5 12.Ne5 Nxe5 13.dxe5 Ng4 14.Qe2 Rec8 15.
Bxe7 dxc4 16.bxc4 a6 17.Ba4 Qa5 18.Bb3 Re8 19.Bd6 Bxe5 20.Bxe5 Rxe5 21.Qd1
Rd8 0-1

[Event "18th Asian-ch"]
[Site "New Delhi IND"]
[Date "2022.10.31"]
[Round "6.6"]
[White "Ayush, Sharma"]
[Black "Aravindh, Chithambaram"]
[Result "0-1"]
[WhiteElo "2267"]
[BlackElo "2625"]
[EventDate "2022.10.26"]
[PlyCount "52"]

1.e4 g6 2.d4 Bg7 3.Nf3 d6 4.Bc4 Nf6 5.e5 dxe5 6.Nxe5 O-O 7.O-O Nfd7 8.Qe2 
Nb6 9.Bb3 Qxd4 10.Nxf7 Rxf7 11.Qxe7 Nc4 12.Qe8+ Rf8 13.Qb5 Be6 14.Nd2 a6 
15.Qxb7 Ra7 16.Qb4 Nc6 17.c3 Qd7 18.Qa4 Nb6 19.Qe4 Bxb3 20.Nxb3 Qd5 21.Qc2
Raa8 22.Be3 Nc4 23.Bc5 Rfe8 24.Rad1 Qf5 25.Qxf5 gxf5 26.Rd7 Rac8 0-1

[Event "18th Asian-ch"]
[Site "New Delhi IND"]
[Date "2022.10.31"]
[Round "6.7"]
[White "Atabaev, Saparmyrat"]
[Black "Zhumabaev, Rinat"]
[Result "1-0"]
[WhiteElo "2433"]
[BlackElo "2620"]
[EventDate "2022.10.26"]
[PlyCount "143"]

1.e4 g6 2.d4 Bg7 3.Nc3 d6 4.Nf3 Nf6 5.Be2 O-O 6.O-O Nc6 7.h3 a6 8.Bf4 b5 
9.a3 Bb7 10.Re1 Nd7 11.Qd2 Nxd4 12.Nxd4 Bxd4 13.Qxd4 e5 14.Bxe5 dxe5 15.
Qe3 Nf6 16.Rad1 Qe7 17.Nd5 Bxd5 18.exd5 Nd7 19.c4 bxc4 20.Bxc4 Qd6 21.Rc1 
Rfb8 22.Re2 a5 23.Rec2 Nf6 24.Ba2 Ne8 25.h4 Ra6 26.h5 Qe7 27.Re1 Rab6 28.
Qc3 e4 29.h6 Qh4 30.d6 Rxd6 31.Qe5 Rbd8 32.Qxe4 Qxh6 33.Qc4 Re6 34.Rcc1 
Rf6 35.Rc2 Nd6 36.Qxc7 Rc8 37.Qe7 Re8 38.Rc8 Rxc8 39.Qxf6 Rc1 40.Qd8+ Kg7 
41.Qxa5 Qf4 42.g3 Qf5 43.Qd2 Rc2 44.Qd4+ Qf6 45.Qxf6+ Kxf6 46.Rb1 Ne4 47.
a4 Nd2 48.Ra1 Rxb2 49.Bd5 Ke5 50.Bxf7 Ne4 51.Ra2 Rb7 52.Bc4 Rb4 53.Bg8 Nc3
54.Rc2 Nxa4 55.Bxh7 Rb6 56.Rc7 Nb2 57.f4+ Ke4 58.Kg2 Nd3 59.Rf7 Ne1+ 60.
Kh3 Kf3 61.Ra7 Ng2 62.Ra3+ Ne3 63.Kh4 Re6 64.Bg8 Re7 65.Bd5+ Kf2 66.Ra2+ 
Kg1 67.Bc6 Re6 68.Ba8 Kf1 69.Kg5 Nf5 70.Bg2+ Ke1 71.Bh3 Re3 72.Bxf5 1-0

[Event "18th Asian-ch"]
[Site "New Delhi IND"]
[Date "2022.10.31"]
[Round "6.8"]
[White "Pranav, V."]
[Black "Aditya, Mittal"]
[Result "1/2-1/2"]
[WhiteElo "2530"]
[BlackElo "2486"]
[EventDate "2022.10.26"]
[PlyCount "74"]

1.e4 e5 2.Nf3 Nc6 3.Bb5 Nf6 4.O-O Nxe4 5.d4 Nd6 6.Bxc6 dxc6 7.dxe5 Nf5 8.
Qxd8+ Kxd8 9.Nc3 Be7 10.h3 Nh4 11.Ng5 Ke8 12.Nge4 h5 13.Re1 Be6 14.Ne2 Nf5
15.Bd2 Bd5 16.Nf4 Nd4 17.Rac1 Rd8 18.Nf6+ Kf8 19.N6xd5 cxd5 20.c3 Ne6 21.
Rcd1 g5 22.Ne2 f5 23.exf6 Bxf6 24.f4 g4 25.hxg4 hxg4 26.f5 Ng7 27.Nf4 Kf7 
28.Ne6 Nxe6 29.fxe6+ Ke7 30.Bf4 c6 31.Bc7 Rc8 32.Be5 Rh6 33.Rd4 Rg8 34.Ra4
a6 35.Bg3 Bh8 36.Rf4 Rxe6 37.Ref1 Bf6 1/2-1/2

[Event "18th Asian-ch"]
[Site "New Delhi IND"]
[Date "2022.10.31"]
[Round "6.9"]
[White "Shyam Sundar, M."]
[Black "Urazaev, Arystanbek"]
[Result "1/2-1/2"]
[WhiteElo "2518"]
[BlackElo "2458"]
[EventDate "2022.10.26"]
[PlyCount "193"]

1.d4 d5 2.Bg5 h6 3.Bh4 Bf5 4.e3 c6 5.c4 Qb6 6.Qb3 dxc4 7.Bxc4 e6 8.Nc3 Be7
9.Bxe7 Nxe7 10.Nge2 O-O 11.e4 Bh7 12.O-O Qxb3 13.axb3 Nd7 14.b4 Rfd8 15.
Rfd1 a6 16.f3 Nb6 17.Bb3 Nec8 18.Nf4 Nd6 19.Nd3 Rab8 20.Kf2 Kf8 21.Rac1 
Ke7 22.Nc5 Bg8 23.Ne2 Nb5 24.Ke3 f6 25.h4 Bf7 26.g4 Nd6 27.f4 f5 28.e5 Nb5
29.Rg1 Rg8 30.d5 cxd5 31.gxf5 d4+ 32.Nxd4 Nxd4 33.Kxd4 Rbd8+ 34.Ke3 exf5 
35.e6 Bh5 36.Nxb7 Rc8 37.Rxc8 Nxc8 38.Rc1 g5 39.Kd4 Kf6 40.fxg5+ hxg5 41.
hxg5+ Kxg5 42.Ke5 Ne7 43.Rg1+ Bg4 44.Kd6 Rg7 45.Nc5 Kf4 46.Rf1+ Ke3 47.Ke5
f4 48.Ne4 Nc6+ 49.Kf6 Rh7 50.Re1+ Be2 51.Ng5 Rh6+ 52.Kg7 Rh5 53.Kg6 Ne7+ 
54.Kf7 Nc6 55.Bd5 Nd8+ 56.Kg6 Nxe6 57.Bxe6 Rh2 58.Bd5 Rh5 59.Be6 Rh2 60.
Bd5 Kd2 61.Ra1 Kc2 62.b3 Kc3 63.Kf5 Rh4 64.Ke4 Bd3+ 65.Kf3 Kxb4 66.Ne6 Bc2
67.Nxf4 Rh6 68.Ke3 a5 69.Ra4+ Kc3 70.Ne2+ Kb2 71.Nd4 Rh3+ 72.Kf4 Rh4+ 73.
Ke5 Rh5+ 74.Kd6 Bd3 75.Rxa5 Kc3 76.Nb5+ Kb4 77.Ra4+ Kxb5 78.Ra8 Kb4 79.Rf8
Rh4 80.Rb8+ Bb5 81.Bc4 Rh5 82.Rb7 Rg5 83.Be6 Rh5 84.Bc4 Rg5 85.Be6 Rh5 86.
Rg7 Rh4 87.Rg8 Rd4+ 88.Kc7 Re4 89.Rg6 Rd4 90.Rh6 Kc5 91.Rg6 Kb4 92.Rh6 Kc5
93.Rh5+ Kb4 94.Bd5 Be2 95.Re5 Bd1 96.Kc6 Bxb3 97.Bxb3 1/2-1/2

[Event "18th Asian-ch"]
[Site "New Delhi IND"]
[Date "2022.10.31"]
[Round "6.10"]
[White "Koustav, Chatterjee"]
[Black "Viani, Antonio Dcunha"]
[Result "1-0"]
[WhiteElo "2496"]
[BlackElo "2342"]
[EventDate "2022.10.26"]
[PlyCount "129"]

1.d4 d5 2.Nf3 Nf6 3.c3 c5 4.dxc5 e6 5.Be3 a5 6.c4 Nbd7 7.Nc3 Bxc5 8.Bxc5 
Nxc5 9.cxd5 exd5 10.e3 O-O 11.Rc1 Ne6 12.Be2 Qb6 13.Rc2 Rd8 14.Rd2 Nc5 15.
O-O Be6 16.Nd4 Nfe4 17.Rc2 Rac8 18.Nxe6 fxe6 19.Nb5 Nd6 20.Nd4 e5 21.Nb3 
Nxb3 22.Qxd5+ Kf8 23.Rxc8 Nxc8 24.Qf3+ Qf6 25.axb3 Rd2 26.Qxb7 Nd6 27.Qa8+
Kf7 28.Bh5+ g6 29.Bf3 Rxb2 30.Qa7+ Qe7 31.Bd5+ Kf6 32.Qxa5 e4 33.f3 Kg7 
34.fxe4 Kh6 35.Qc3 Re2 36.Qd3 Rb2 37.Qc3 Re2 38.Qd3 Rb2 39.Qd4 Re2 40.Qf6 
Qxf6 41.Rxf6 Ne8 42.Rf3 Nd6 43.Kf1 Rc2 44.Rf2 Rc1+ 45.Ke2 Rc2+ 46.Kf3 Rc3 
47.Kf4 Nc8 48.Rf3 Rc2 49.Be6 Na7 50.g4 g5+ 51.Ke5 Nc6+ 52.Kd6 Nb4 53.Bc4 
Rd2+ 54.Kc5 Nd3+ 55.Bxd3 Rxd3 56.b4 Rc3+ 57.Kd4 Rb3 58.Kc4 Rb1 59.e5 Rc1+ 
60.Kb5 Rc8 61.Rf6+ Kg7 62.Rc6 Rd8 63.Kc5 Rd3 64.b5 Rxe3 65.Kd6 1-0

[Event "18th Asian-ch"]
[Site "New Delhi IND"]
[Date "2022.10.31"]
[Round "6.11"]
[White "Puranik, Abhimanyu"]
[Black "Ajay, Karthikeyan"]
[Result "1-0"]
[WhiteElo "2603"]
[BlackElo "2441"]
[EventDate "2022.10.26"]
[PlyCount "81"]

1.e4 e5 2.Nf3 Nc6 3.Bb5 a6 4.Ba4 Nf6 5.O-O Bc5 6.c3 b5 7.Bb3 d6 8.d4 Bb6 
9.Be3 O-O 10.Nbd2 Bb7 11.d5 Ne7 12.Bxb6 cxb6 13.a4 bxa4 14.Bxa4 b5 15.Bc2 
Qb6 16.h3 Nd7 17.Re1 Kh8 18.Nf1 f5 19.exf5 Nxd5 20.Ng5 Rae8 21.Ne3 Nf4 22.
g3 h6 23.gxf4 exf4 24.Ne6 fxe3 25.Rxe3 Nf6 26.Qd2 Qc6 27.f3 Qb6 28.Kh2 Rf7
29.Rg1 Bd5 30.Re2 Bxe6 31.fxe6 Rfe7 32.Bg6 Rf8 33.Bf7 Rfxf7 34.exf7 Rxf7 
35.Re6 Ng8 36.Rg3 Qc5 37.Rxd6 Qe5 38.Qd5 Qf4 39.Qd4 Qc1 40.Rg2 Qf1 41.Rd7 
1-0

[Event "18th Asian-ch"]
[Site "New Delhi IND"]
[Date "2022.10.31"]
[Round "6.12"]
[White "Sankalp, Gupta"]
[Black "Nigmatov, Ortik"]
[Result "1/2-1/2"]
[WhiteElo "2502"]
[BlackElo "2433"]
[EventDate "2022.10.26"]
[PlyCount "139"]

1.d4 Nf6 2.Nf3 g6 3.Bf4 Bg7 4.e3 O-O 5.Be2 d5 6.c3 c5 7.Nbd2 b6 8.b4 Nc6 
9.b5 Na5 10.O-O Bb7 11.Rb1 Rc8 12.Qa4 Ne4 13.Nxe4 dxe4 14.Ne5 cxd4 15.cxd4
Bd5 16.Rfc1 Bxe5 17.dxe5 Qd7 18.Bh6 Rfd8 19.h3 Qe6 20.Rxc8 Qxc8 21.Rd1 Qc7
22.Qd4 Nb7 23.Qb2 Be6 24.Rxd8+ Qxd8 25.Qa3 Na5 26.Qa4 Bd5 27.Bg5 Kf8 28.
Qd4 Nb7 29.a3 Ke8 30.f4 Nc5 31.Bh4 Be6 32.Qb4 Qd5 33.Be1 Nd3 34.Bxd3 exd3 
35.Kf2 Qc4 36.e4 Qxb4 37.axb4 Bc4 38.g4 e6 39.Ke3 Kd7 40.Kd4 Bxb5 41.g5 
Kc6 42.h4 Ba6 43.Bd2 Kb5 44.Kxd3 Ka4+ 45.Kc3 Bb7 46.Bc1 Bxe4 47.Bb2 Kb5 
48.Bc1 Bg2 49.Bb2 Kc6 50.Kd4 Bf1 51.Bc1 Kd7 52.Bb2 Ke8 53.Bc1 Kf8 54.Be3 
Kg7 55.Kc3 Be2 56.Kd4 Kf8 57.Bc1 Ke8 58.Bb2 Kd7 59.Bc1 Kc6 60.Bb2 Kb5 61.
Kc3 Ka4 62.Bc1 Bb5 63.Bb2 Bf1 64.Bc1 Bb5 65.Bb2 Ba6 66.Bc1 Bf1 67.Bb2 b5 
68.Bc1 a5 69.bxa5 Kxa5 70.Ba3 1/2-1/2

[Event "18th Asian-ch"]
[Site "New Delhi IND"]
[Date "2022.10.31"]
[Round "6.13"]
[White "Sengupta, Deep"]
[Black "Sammed Jaykumar, Shete"]
[Result "0-1"]
[WhiteElo "2497"]
[BlackElo "2408"]
[EventDate "2022.10.26"]
[PlyCount "76"]

1.e4 c5 2.c3 Nf6 3.e5 Nd5 4.Nf3 d6 5.Bc4 Nb6 6.Bb3 c4 7.Bc2 g6 8.d4 cxd3 
9.Qxd3 Nc6 10.Bb3 dxe5 11.Qxd8+ Nxd8 12.Nxe5 Bg7 13.Bf4 Be6 14.O-O g5 15.
Bg3 f5 16.f4 Bxe5 17.fxe5 O-O 18.Na3 Nd7 19.Nb5 Bxb3 20.axb3 f4 21.Bf2 a6 
22.Rfe1 Ne6 23.Nd4 Kf7 24.b4 Nxd4 25.cxd4 Nb6 26.e6+ Kf6 27.h4 h6 28.Ra5 
Nc4 29.Rc5 Nxb2 30.hxg5+ hxg5 31.Rc3 Rac8 32.Rb3 Nc4 33.g3 Kg6 34.g4 f3 
35.Rd1 Nd6 36.Re3 Rf4 37.Bg3 Rxg4 38.Kf2 Nf5 0-1

[Event "18th Asian-ch"]
[Site "New Delhi IND"]
[Date "2022.10.31"]
[Round "6.14"]
[White "Shyaamnikhil, P."]
[Black "Anuj, Shrivatri"]
[Result "1/2-1/2"]
[WhiteElo "2489"]
[BlackElo "2407"]
[EventDate "2022.10.26"]
[PlyCount "46"]

1.Nf3 Nf6 2.g3 d5 3.Bg2 e6 4.O-O Be7 5.d3 O-O 6.Nbd2 a5 7.e4 a4 8.a3 Nc6 
9.e5 Nd7 10.Re1 f6 11.exf6 Bxf6 12.Nf1 e5 13.h4 Nb6 14.Rb1 h6 15.N3h2 Be6 
16.Ng4 Qd7 17.Nfh2 Rae8 18.Bd2 Kh8 19.Bc3 Bf5 20.Ne3 Bh7 21.Neg4 Bf5 22.
Ne3 Bh7 23.Neg4 Bf5 1/2-1/2